Zgadnij zmieniające się flagi - Statystyki

Ogólne statystyki
  • Ten quiz został rozwiązany 63 razy
  • Średni wynik to 9 z 20
Statystyki odpowiedzi
START: LITWA 🟨🟩🟥 Państwo % Poprawnych
Dodaj gwiazdę na środku Mjanma
83%
Pokoloruj wszystkie pasy na niebiesko Somalia
74%
Przenieś gwiazdy na lewy górny róg, jedną powiększ, resztę daj na prawo od największej, pod nimi dodaj jeszcze jedną, pokoloruj je na żółto a tło pokoloruj na czerwono Chiny
60%
Usuń środkowy pas Polska
57%
Obróć do góry nogami Indonezja / Monako
55%
Dodaj trzy gwiazdy, pomniejsz je i ustaw tak aby tworzyły romb Mikronezja
55%
Przyciemnij czerwony, a biały pas pomniejsz Łotwa
52%
Usuń gwiazdy na prawo od największej, a największą daj na sam środek Wietnam
52%
Pomniejsz górny pas a na dole dodaj taki sam czerwony pas Austria
50%
Pokoloruj środkowy pas na niebiesko Rosja
48%
Usuń biały pas, rozjaśnij czerwony, na górze dodaj granatowy pas, na którym po lewej stronie umieść koronę Liechtenstein
45%
Pokoloruj dolną połowę pasu na zielono Burkina Faso
43%
Usuń gwiazdę, obróć flagę do góry nogami, pomniejsz pasy i na samej górze dodaj biały pas Bułgaria
40%
Usuń koronę, a na środku dodaj herb państwa na białym tle Haiti
38%
Usuń herb na białym tle, zamień granatowy na niebieski i pokoloruj dolny pas na żółto Ukraina
36%
Prawy pas pokoloruj na pomarańczowo Irlandia
31%
Niebieski pas pokoloruj na zielono, żółty na biało i obróć o 90 stopni Nigeria
31%
Obróć do góry nogami Wybrzeże Kości Słoniowej
31%
Pomniejsz żółty pas, na dole dodaj zielony pas, a na niebieskim pasie po prawej stronie dodaj słońce Rwanda
29%
Usuń słońce, obróć flagę do góry nogami i pomniejsz niebieski pas do rozmiarów żółtego i zielonego Gabon
24%
Nie znaleziono quizów pasujących do podanych kryteriów
Rozkład punktacji
Procent ludzi z każdym wynikiem
Percentyl według liczby udzielonych odpowiedzi
Twoja historia wyników
Nie rozwiązałeś tego quizu